000 01325cad a22002055a 4500
001 L156637
008 120615s2012 xxk 000 0 eng d
035 _a(Sirsi) u156637
041 0 _aeng
110 2 _aJones Lang LaSalle
_93755
245 0 0 _aRetail 3.0
_bthe evolution of multi-channel retail distribution May 2012
_h[electronic resource]
260 _a[S.l.]
_bJLL
_c2012
520 _aFocuses on the impact that e-commerce has had on retail distribution in the US and how retailers are reacting to an environment where consumers have technology on their side. Pinpoints the seamlessness between channels of shopping from in-store to online and mobile and how this is driving efficiencies down through retailers' supply chain and up through their store operations. These trends will in time be exported around the world and redefine retail markets.
520 _aTechnology use: consumers vs. retailers -- e-commerce: exploding cross-channel sales -- fast-fashion/just-in-time inventory: speed vs. cost -- globalisation: technology at the root of growth -- conclusion.
590 _aNTK KA
651 4 _aUnited States
690 _aCommercial property
_96227
856 4 0 _uhttps://www.us.am.joneslanglasalle.com/ResearchLevel1/Retail%203.0_WhitePaper.pdf
_zView the report at www.us.am.joneslanglasalle
942 _n0
999 _c84098
_d84098